[Event "Barrinha 2nd"]
[Site "Barrinha"]
[Date "2012.02.27"]
[Round "8"]
[White "Do Nascimento, Jose Wallison"]
[Black "Supi, Luis Paulo"]
[Result "0-1"]
[WhiteElo "1920"]
[BlackElo "2218"]
[PlyCount "56"]
[EventDate "2012.02.24"]
[EventType "tourn"]
[EventRounds "10"]
[EventCountry "BRA"]
[SourceTitle "EXT 2013"]
[Source "ChessBase"]
[SourceDate "2012.11.22"]
[SourceVersion "1"]
[SourceVersionDate "2012.11.22"]
[SourceQuality "1"]

1. e4 c5 2. Nf3 Nc6 3. d4 cxd4 4. Nxd4 a6 5. Nxc6 bxc6 6. Be2 Nf6 7. Nc3 e5 8.
O-O d5 9. Bg5 Be6 10. f4 Qb6+ 11. Kh1 Nxe4 12. Nxe4 dxe4 13. b3 h6 14. Bh4 exf4
15. Rxf4 Qe3 16. Bg3 Rd8 17. Qf1 Bd6 18. Rd1 Bxf4 19. Bxf4 Rxd1 20. Bxe3 Rxf1+
21. Bxf1 a5 22. Kg1 Ke7 23. Bc5+ Kf6 24. Bd4+ Kg6 25. Be2 Rd8 26. c3 c5 27.
Bxc5 Rd2 28. Kf2 Bg4 0-1

[Event "Barrinha 2nd"]
[Site "Barrinha"]
[Date "2012.02.28"]
[Round "9"]
[White "Brandao, Renan Alves"]
[Black "Supi, Luis Paulo"]
[Result "1/2-1/2"]
[WhiteElo "2096"]
[BlackElo "2218"]
[PlyCount "20"]
[EventDate "2012.02.24"]
[EventType "tourn"]
[EventRounds "10"]
[EventCountry "BRA"]
[SourceTitle "EXT 2013"]
[Source "ChessBase"]
[SourceDate "2012.11.22"]
[SourceVersion "1"]
[SourceVersionDate "2012.11.22"]
[SourceQuality "1"]

1. d4 Nf6 2. c4 g6 3. Nf3 Bg7 4. Nc3 d5 5. e3 O-O 6. Qb3 c6 7. Be2 e6 8. O-O b6
9. Bd2 Bb7 10. Rac1 Nbd7 1/2-1/2

[Event "Barrinha 2nd"]
[Site "Barrinha"]
[Date "2012.02.28"]
[Round "10"]
[White "Supi, Luis Paulo"]
[Black "Oliveira, Fernando Henrique"]
[Result "1/2-1/2"]
[WhiteElo "2218"]
[BlackElo "2092"]
[PlyCount "59"]
[EventDate "2012.02.24"]
[EventType "tourn"]
[EventRounds "10"]
[EventCountry "BRA"]
[SourceTitle "EXT 2013"]
[Source "ChessBase"]
[SourceDate "2012.11.22"]
[SourceVersion "1"]
[SourceVersionDate "2012.11.22"]
[SourceQuality "1"]

1. c4 g6 2. Nc3 Bg7 3. g3 Nf6 4. Bg2 O-O 5. Nf3 d5 6. cxd5 Nxd5 7. O-O Nxc3 8.
dxc3 c5 9. Qa4 Nc6 10. Be3 Qb6 11. Qa3 Qb5 12. Bxc5 Qxe2 13. Rfe1 Qc4 14. Bxe7
Nxe7 15. Rxe7 Be6 16. Rxb7 a5 17. Qb3 Qg4 18. Qb5 a4 19. h3 Qc4 20. Qxc4 Bxc4
21. Nd2 Be6 22. a3 Rab8 23. Rb4 Rfd8 24. Nf3 Bf8 25. Nd4 Bxb4 26. axb4 Rxd4 27.
cxd4 Rxb4 28. Bc6 Bb3 29. d5 Rd4 30. Kg2 1/2-1/2

[Event "Sao Jose de Rio Preto 160 Anos"]
[Site "Sao Jose do Rio Preto"]
[Date "2012.03.23"]
[Round "1"]
[White "Supi, Luis Paulo"]
[Black "Vilas Boas, Crisolon Terto"]
[Result "1-0"]
[WhiteElo "2218"]
[BlackElo "1620"]
[PlyCount "51"]
[EventDate "2012.03.23"]
[EventType "swiss"]
[EventRounds "6"]
[EventCountry "BRA"]
[SourceTitle "CBM 147 Extra"]
[Source "ChessBase"]
[SourceDate "2012.04.24"]
[SourceVersion "1"]
[SourceVersionDate "2012.04.24"]
[SourceQuality "1"]

1. d4 e6 2. c4 d5 3. Nc3 Nf6 4. Nf3 Be7 5. e3 O-O 6. Bd3 c5 7. O-O Nc6 8. cxd5
exd5 9. dxc5 Bxc5 10. Be2 a6 11. b3 Bf5 12. Bb2 Rc8 13. Rc1 Ba7 14. a3 Ne7 15.
Nd4 b5 16. Nxf5 Nxf5 17. Qd3 Ne7 18. Rfd1 Qb6 19. Bf3 Rfd8 20. Ne2 Qe6 21. Nf4
Qd6 22. Rxc8 Rxc8 23. Bxd5 Rd8 24. Bxf7+ Kxf7 25. Qxd6 Rxd6 26. Rxd6 1-0

[Event "Sao Jose de Rio Preto 160 Anos"]
[Site "Sao Jose do Rio Preto"]
[Date "2012.03.23"]
[Round "2"]
[White "Sousa Jr, Jose Antonio Madale"]
[Black "Supi, Luis Paulo"]
[Result "0-1"]
[WhiteElo "2006"]
[BlackElo "2218"]
[PlyCount "68"]
[EventDate "2012.03.23"]
[EventType "swiss"]
[EventRounds "6"]
[EventCountry "BRA"]
[SourceTitle "CBM 147 Extra"]
[Source "ChessBase"]
[SourceDate "2012.04.24"]
[SourceVersion "1"]
[SourceVersionDate "2012.04.24"]
[SourceQuality "1"]

1. e4 c5 2. f4 g6 3. Nf3 Bg7 4. Nc3 Nc6 5. Bb5 Nd4 6. Nxd4 cxd4 7. Ne2 a6 8.
Bc4 d6 9. O-O Nf6 10. d3 d5 11. exd5 Nxd5 12. Ng3 b5 13. Bxd5 Qxd5 14. Qf3 Qxf3
15. Rxf3 Bb7 16. Rf2 Rc8 17. b3 O-O 18. Ba3 Rfe8 19. Re1 e6 20. Ne4 Bxe4 21.
Rxe4 Rc6 22. Bb2 Rec8 23. Bxd4 f5 24. Re5 Bxe5 25. Bxe5 Rxc2 26. Rxc2 Rxc2 27.
a4 bxa4 28. bxa4 Ra2 29. a5 Rxa5 30. Kf2 Ra2+ 31. Kf3 a5 32. h3 a4 33. g4 a3
34. gxf5 gxf5 0-1

[Event "Sao Jose de Rio Preto 160 Anos"]
[Site "Sao Jose do Rio Preto"]
[Date "2012.03.24"]
[Round "3"]
[White "Supi, Luis Paulo"]
[Black "El Debs, Felipe de Cresce"]
[Result "1/2-1/2"]
[WhiteElo "2218"]
[BlackElo "2507"]
[PlyCount "32"]
[EventDate "2012.03.23"]
[EventType "swiss"]
[EventRounds "6"]
[EventCountry "BRA"]
[SourceTitle "CBM 147 Extra"]
[Source "ChessBase"]
[SourceDate "2012.04.24"]
[SourceVersion "1"]
[SourceVersionDate "2012.04.24"]
[SourceQuality "1"]

1. e4 c6 2. d4 d5 3. e5 c5 4. dxc5 Nc6 5. Bf4 e6 6. Nd2 Nge7 7. Ngf3 Ng6 8. Bg3
Bxc5 9. Nb3 Bb6 10. Bd3 Nb4 11. Bxg6 hxg6 12. O-O Bd7 13. Qd2 Qe7 14. c3 Na6
15. Bf4 Ba4 16. Be3 Bxb3 1/2-1/2

[Event "Sao Jose de Rio Preto 160 Anos"]
[Site "Sao Jose do Rio Preto"]
[Date "2012.03.24"]
[Round "4"]
[White "Supi, Luis Paulo"]
[Black "Blit, Jacques"]
[Result "1/2-1/2"]
[WhiteElo "2218"]
[BlackElo "2282"]
[PlyCount "35"]
[EventDate "2012.03.23"]
[EventType "swiss"]
[EventRounds "6"]
[EventCountry "BRA"]
[SourceTitle "CBM 147 Extra"]
[Source "ChessBase"]
[SourceDate "2012.04.24"]
[SourceVersion "1"]
[SourceVersionDate "2012.04.24"]
[SourceQuality "1"]

1. e4 c5 2. Nf3 Nc6 3. Nc3 g6 4. d4 cxd4 5. Nxd4 Bg7 6. Be3 Nf6 7. Bc4 Qa5 8.
O-O O-O 9. Nb3 Qc7 10. f4 d6 11. Be2 Bd7 12. Bf3 Na5 13. e5 dxe5 14. fxe5 Qxe5
15. Bd4 Qc7 16. Nxa5 e5 17. Bxe5 Qxe5 18. Nxb7 1/2-1/2

[Event "Sao Jose de Rio Preto 160 Anos"]
[Site "Sao Jose do Rio Preto"]
[Date "2012.03.25"]
[Round "5"]
[White "Brandao, Renan Alves"]
[Black "Supi, Luis Paulo"]
[Result "0-1"]
[WhiteElo "2057"]
[BlackElo "2218"]
[PlyCount "56"]
[EventDate "2012.03.23"]
[EventType "swiss"]
[EventRounds "6"]
[EventCountry "BRA"]
[SourceTitle "CBM 147 Extra"]
[Source "ChessBase"]
[SourceDate "2012.04.24"]
[SourceVersion "1"]
[SourceVersionDate "2012.04.24"]
[SourceQuality "1"]

1. d4 Nf6 2. c4 g6 3. Nc3 Bg7 4. e4 d6 5. Nf3 O-O 6. Be2 e5 7. Be3 Ng4 8. Bg5
f6 9. Bh4 g5 10. Bg3 Nh6 11. c5 g4 12. Nh4 Nc6 13. dxe5 dxe5 14. Bc4+ Kh8 15.
Nd5 Nd4 16. O-O c6 17. Nb4 Qe7 18. Nd3 Rd8 19. b4 b5 20. cxb6 axb6 21. a4 b5
22. axb5 Rxa1 23. Qxa1 cxb5 24. Bd5 f5 25. f3 f4 26. Bf2 Ne2+ 27. Kh1 g3 28.
Nxf4 exf4 0-1

[Event "Sao Jose de Rio Preto 160 Anos"]
[Site "Sao Jose do Rio Preto"]
[Date "2012.03.25"]
[Round "6"]
[White "Martins, Carlos"]
[Black "Supi, Luis Paulo"]
[Result "1/2-1/2"]
[WhiteElo "2250"]
[BlackElo "2218"]
[PlyCount "42"]
[EventDate "2012.03.23"]
[EventType "swiss"]
[EventRounds "6"]
[EventCountry "BRA"]
[SourceTitle "CBM 147 Extra"]
[Source "ChessBase"]
[SourceDate "2012.04.24"]
[SourceVersion "1"]
[SourceVersionDate "2012.04.24"]
[SourceQuality "1"]

1. e4 c5 2. Nf3 d6 3. d4 cxd4 4. Nxd4 Nf6 5. Nc3 a6 6. Be3 e5 7. Nb3 Be6 8. Qf3
Nbd7 9. h3 b5 10. O-O-O Be7 11. g4 Nb6 12. Kb1 Nc4 13. Bc1 b4 14. Nd5 Bxd5 15.
exd5 Rc8 16. g5 Nd7 17. Rg1 Ndb6 18. Nd2 Qc7 19. Nxc4 Nxc4 20. Bd3 a5 21. Rg4
Nb6 1/2-1/2

[Event "Osasco op"]
[Site "Osasco"]
[Date "2012.04.20"]
[Round "1"]
[White "Nunes, Agatha Hurba"]
[Black "Supi, Luis Paulo"]
[Result "0-1"]
[WhiteElo "1613"]
[BlackElo "2218"]
[PlyCount "68"]
[EventDate "2012.04.20"]
[EventType "swiss"]
[EventRounds "6"]
[EventCountry "BRA"]
[SourceTitle "CBM 148 Extra"]
[Source "ChessBase"]
[SourceDate "2012.06.22"]
[SourceVersion "1"]
[SourceVersionDate "2012.06.22"]
[SourceQuality "1"]

1. d4 g6 2. c4 Bg7 3. Nc3 d6 4. Bf4 Nf6 5. Nf3 O-O 6. e3 Nfd7 7. Be2 e5 8. dxe5
dxe5 9. Bg3 Qe7 10. O-O Nc6 11. Qc2 Nb4 12. Qd2 Nc5 13. Rfd1 Bf5 14. Bh4 f6 15.
b3 g5 16. Bg3 h5 17. h4 g4 18. Ne1 Bg6 19. Nd5 Nxd5 20. Qxd5+ Bf7 21. Qd2 f5
22. Rac1 Be6 23. f3 Rad8 24. Qc2 Rxd1 25. Rxd1 f4 26. exf4 exf4 27. Bf2 g3 28.
Bxc5 Qxc5+ 29. Kh1 Qe7 30. Bd3 Qxh4+ 31. Kg1 Qh2+ 32. Kf1 Qh1+ 33. Ke2 Qg1 34.
Kd2 Qe3# 0-1

[Event "Osasco op"]
[Site "Osasco"]
[Date "2012.04.20"]
[Round "2"]
[White "Supi, Luis Paulo"]
[Black "Araujo, Renan Aparecido"]
[Result "1-0"]
[WhiteElo "2218"]
[BlackElo "1886"]
[PlyCount "49"]
[EventDate "2012.04.20"]
[EventType "swiss"]
[EventRounds "6"]
[EventCountry "BRA"]
[SourceTitle "CBM 148 Extra"]
[Source "ChessBase"]
[SourceDate "2012.06.22"]
[SourceVersion "1"]
[SourceVersionDate "2012.06.22"]
[SourceQuality "1"]

1. e4 e5 2. Nf3 Nf6 3. d4 Nxe4 4. Bd3 d5 5. Nxe5 Nd7 6. Nxd7 Bxd7 7. Nc3 Nxc3
8. bxc3 Bd6 9. Qh5 g6 10. Qxd5 Bc6 11. Bb5 O-O 12. Bxc6 bxc6 13. Qxc6 Re8+ 14.
Be3 Bf4 15. O-O Bxe3 16. fxe3 Rxe3 17. Rab1 Qe8 18. Qxc7 Rc8 19. Qxa7 Re7 20.
Qa5 Rec7 21. Rf3 Qe2 22. Rbf1 Qxc2 23. Qd5 Rf8 24. Qb3 Qxb3 25. axb3 1-0

[Event "Osasco op"]
[Site "Osasco"]
[Date "2012.04.21"]
[Round "3"]
[White "Barbosa, Evandro Amorim"]
[Black "Supi, Luis Paulo"]
[Result "1/2-1/2"]
[WhiteElo "2399"]
[BlackElo "2218"]
[PlyCount "70"]
[EventDate "2012.04.20"]
[EventType "swiss"]
[EventRounds "6"]
[EventCountry "BRA"]
[SourceTitle "CBM 148 Extra"]
[Source "ChessBase"]
[SourceDate "2012.06.22"]
[SourceVersion "1"]
[SourceVersionDate "2012.06.22"]
[SourceQuality "1"]

1. e4 c5 2. Nf3 e6 3. d4 cxd4 4. Nxd4 Nc6 5. Nc3 Qc7 6. g3 a6 7. Bg2 d6 8. O-O
Bd7 9. Nxc6 Bxc6 10. a4 Nf6 11. a5 Be7 12. Be3 Nd7 13. Na4 O-O 14. c4 Nc5 15.
Nb6 Rad8 16. Qc2 f5 17. exf5 Bxg2 18. Kxg2 Qc6+ 19. Kg1 Rxf5 20. Nd5 Bf8 21.
Nf4 Rf6 22. Ne2 Re8 23. Nd4 Qc8 24. Bg5 Rg6 25. h4 e5 26. Ne2 Qh3 27. b4 Ne6
28. Qe4 Nxg5 29. hxg5 Rxg5 30. Qxb7 e4 31. Nf4 Qg4 32. Ng2 Qh3 33. Nf4 Qg4 34.
Ng2 Rh5 35. Nf4 Rg5 1/2-1/2

[Event "Osasco op"]
[Site "Osasco"]
[Date "2012.04.21"]
[Round "4"]
[White "Supi, Luis Paulo"]
[Black "Sega, Carlos Alberto"]
[Result "1-0"]
[WhiteElo "2218"]
[BlackElo "2276"]
[PlyCount "47"]
[EventDate "2012.04.20"]
[EventType "swiss"]
[EventRounds "6"]
[EventCountry "BRA"]
[SourceTitle "CBM 148 Extra"]
[Source "ChessBase"]
[SourceDate "2012.06.22"]
[SourceVersion "1"]
[SourceVersionDate "2012.06.22"]
[SourceQuality "1"]

1. e4 e5 2. Nf3 Nc6 3. Bc4 Nf6 4. d3 Be7 5. O-O O-O 6. Re1 d6 7. c3 Na5 8. Bb5
a6 9. Ba4 b5 10. Bc2 c5 11. Nbd2 Qc7 12. Nf1 h6 13. Ng3 Be6 14. Nh4 Rfd8 15.
Nhf5 d5 16. exd5 Rxd5 17. f4 Bf8 18. Qf3 Rad8 19. fxe5 Rxe5 20. Rxe5 Qxe5 21.
Bf4 Qd5 22. Bc7 Qxf3 23. gxf3 Nc6 24. Bxd8 1-0

[Event "Osasco op"]
[Site "Osasco"]
[Date "2012.04.22"]
[Round "5"]
[White "Alonso, Salvador"]
[Black "Supi, Luis Paulo"]
[Result "1-0"]
[WhiteElo "2506"]
[BlackElo "2218"]
[PlyCount "91"]
[EventDate "2012.04.20"]
[EventType "swiss"]
[EventRounds "6"]
[EventCountry "BRA"]
[SourceTitle "CBM 148 Extra"]
[Source "ChessBase"]
[SourceDate "2012.06.22"]
[SourceVersion "1"]
[SourceVersionDate "2012.06.22"]
[SourceQuality "1"]

1. e4 c5 2. Nf3 e6 3. d4 cxd4 4. Nxd4 Nc6 5. Nc3 Qc7 6. Be2 a6 7. O-O Nf6 8.
Kh1 Be7 9. f4 d6 10. Be3 O-O 11. Qe1 Na5 12. Qg3 Nc4 13. Bc1 b5 14. b3 Nb6 15.
e5 Nfd7 16. f5 Kh8 17. fxe6 Nxe5 18. Nf5 Bf6 19. e7 Re8 20. Ne4 Bxf5 21. Nxf6
gxf6 22. Rxf5 Qxe7 23. Bb2 Rg8 24. Qf2 Nbd7 25. h3 Rg7 26. Bf1 Nc5 27. Re1 Qb7
28. Qd4 Rag8 29. Rf2 Qc6 30. Qh4 Rg6 31. Ree2 Ncd7 32. Qd4 Rh6 33. Qe4 d5 34.
Qd4 Rg4 35. Rf4 Rxf4 36. Qxf4 Rg6 37. Rd2 Qe6 38. Qd4 Qf5 39. Rf2 Qe4 40. Qxe4
dxe4 41. Rf4 Nc5 42. b4 Na4 43. Bd4 e3 44. g4 Kg7 45. Bxe3 Nc3 46. Bg2 1-0

[Event "BRA-ch U16"]
[Site "Sao Paulo"]
[Date "2012.04.28"]
[Round "1"]
[White "Gardim, Leonardo D'Almada"]
[Black "Supi, Luis Paulo"]
[Result "0-1"]
[WhiteElo "1520"]
[BlackElo "2218"]
[PlyCount "51"]
[EventDate "2012.04.28"]
[EventType "swiss"]
[EventRounds "7"]
[EventCountry "BRA"]
[SourceTitle "CBM 148 Extra"]
[Source "ChessBase"]
[SourceDate "2012.06.22"]
[SourceVersion "1"]
[SourceVersionDate "2012.06.22"]
[SourceQuality "1"]

1. e4 c5 2. Nc3 Nc6 3. f4 g6 4. Nf3 Bg7 5. Bc4 e6 6. O-O Nge7 7. Qe1 O-O 8. d3
d5 9. Bb5 Nd4 10. Ba4 Bd7 11. Bb3 a5 12. a4 c4 13. dxc4 dxc4 14. Nxd4 Bxd4+ 15.
Kh1 cxb3 16. cxb3 Bg7 17. Rf3 e5 18. h4 exf4 19. Bxf4 Nc6 20. Bd6 Re8 21. Nd5
Bg4 22. Bc7 Qd7 23. Rd3 Qe6 24. e5 Nxe5 25. Bxe5 Bxe5 26. Qf2 0-1

[Event "BRA-ch U16"]
[Site "Sao Paulo"]
[Date "2012.04.28"]
[Round "2"]
[White "Supi, Luis Paulo"]
[Black "De Carvalho, Igor Lorenzon"]
[Result "1-0"]
[WhiteElo "2218"]
[BlackElo "1831"]
[PlyCount "65"]
[EventDate "2012.04.28"]
[EventType "swiss"]
[EventRounds "7"]
[EventCountry "BRA"]
[SourceTitle "CBM 148 Extra"]
[Source "ChessBase"]
[SourceDate "2012.06.22"]
[SourceVersion "1"]
[SourceVersionDate "2012.06.22"]
[SourceQuality "1"]

1. e4 c6 2. d4 d5 3. e5 Bf5 4. Nd2 e6 5. Nb3 Nd7 6. Nf3 a6 7. c3 Qc7 8. Be2 c5
9. dxc5 Ne7 10. Nbd4 Nxc5 11. Nxf5 Nxf5 12. O-O Nd7 13. Bf4 Bc5 14. Bd3 Ne7 15.
Qe2 Nf8 16. h4 h5 17. Rac1 Nd7 18. b4 Ba7 19. Ng5 g6 20. c4 dxc4 21. Bxc4 Nc6
22. Qe4 Nf8 23. Bxa6 Nh7 24. Nxh7 Rxh7 25. Bxb7 Qxb7 26. Qxc6+ Qxc6 27. Rxc6
Kf8 28. Rfc1 Kg7 29. Rc8 Rh8 30. Rxh8 Kxh8 31. a4 Bd4 32. Rc4 Rd8 33. Bg5 1-0

[Event "BRA-ch U16"]
[Site "Sao Paulo"]
[Date "2012.04.29"]
[Round "3"]
[White "Awoki, Daniel Teidi"]
[Black "Supi, Luis Paulo"]
[Result "0-1"]
[WhiteElo "1885"]
[BlackElo "2218"]
[PlyCount "126"]
[EventDate "2012.04.28"]
[EventType "swiss"]
[EventRounds "7"]
[EventCountry "BRA"]
[SourceTitle "CBM 148 Extra"]
[Source "ChessBase"]
[SourceDate "2012.06.22"]
[SourceVersion "1"]
[SourceVersionDate "2012.06.22"]
[SourceQuality "1"]

1. e4 c5 2. Nf3 e6 3. c3 Nf6 4. e5 Nd5 5. d4 cxd4 6. cxd4 d6 7. Bc4 Nb6 8. Bb3
dxe5 9. dxe5 Qxd1+ 10. Bxd1 Nc6 11. O-O Be7 12. Nc3 O-O 13. Be2 Bd7 14. Be3 Nb4
15. Rac1 Rfc8 16. a3 N4d5 17. Nxd5 Nxd5 18. Bd2 Bc5 19. Bd3 Bb6 20. Rxc8+ Rxc8
21. Rc1 Rd8 22. b4 h6 23. b5 Be8 24. a4 Nf4 25. Bc4 Nd3 26. Bxd3 Rxd3 27. Rc8
Rd8 28. Rxd8 Bxd8 29. Kf1 g5 30. h3 Bc7 31. Be3 Bb8 32. Bc5 a6 33. bxa6 bxa6
34. a5 Bb5+ 35. Ke1 Bc6 36. Bd4 Bc7 37. Bc3 Bxf3 38. gxf3 Kf8 39. Ke2 Ke7 40.
Kd3 Kd7 41. Kd4 Bb8 42. Kc4 Ba7 43. Be1 Kc6 44. f4 gxf4 45. f3 Bb8 46. Bc3 Bc7
47. Bb2 Bxa5 48. Bc1 Bc7 49. Bxf4 h5 50. Bg3 a5 51. Be1 a4 52. f4 Bb6 53. Bd2
a3 54. Kd3 Kd5 55. Bc3 a2 56. Bb2 Bc5 57. Bc3 Bf8 58. Bb2 Bh6 59. Ke3 Kc4 60.
Ke4 Kb3 61. Ba1 Bf8 62. f5 Ba3 63. fxe6 fxe6 0-1

[Event "BRA-ch U16"]
[Site "Sao Paulo"]
[Date "2012.04.29"]
[Round "4"]
[White "Supi, Luis Paulo"]
[Black "Gotz, Klaus Seiji Furucho"]
[Result "1-0"]
[WhiteElo "2218"]
[BlackElo "1933"]
[PlyCount "94"]
[EventDate "2012.04.28"]
[EventType "swiss"]
[EventRounds "7"]
[EventCountry "BRA"]
[SourceTitle "CBM 148 Extra"]
[Source "ChessBase"]
[SourceDate "2012.06.22"]
[SourceVersion "1"]
[SourceVersionDate "2012.06.22"]
[SourceQuality "1"]

1. e4 c5 2. Nc3 Nc6 3. Nf3 g6 4. d4 cxd4 5. Nxd4 Bg7 6. Be3 Nf6 7. Bc4 Qa5 8.
O-O O-O 9. Nb3 Qc7 10. f4 d6 11. Be2 a6 12. Bf3 Rb8 13. Qd2 b5 14. Nd5 Nxd5 15.
exd5 Nd8 16. Bd4 Nb7 17. Bxg7 Kxg7 18. Nd4 Bd7 19. Rae1 Rbe8 20. f5 Qa5 21. Qg5
f6 22. Qg3 Qd2 23. Rd1 Qe3+ 24. Kh1 Nc5 25. Qe1 Qxe1 26. Rdxe1 Kf7 27. Re3 Rc8
28. Bg4 Rc7 29. Rfe1 Re8 30. b3 Bc8 31. a3 Bb7 32. Rc3 Bxd5 33. b4 Bc4 34. bxc5
Rxc5 35. Rce3 Re5 36. Nc6 Rxe3 37. Rxe3 Bd5 38. Nb4 Bb7 39. fxg6+ hxg6 40. Be6+
Kf8 41. Rh3 Kg7 42. Re3 Kf8 43. Rc3 Rb8 44. Nc6 Bxc6 45. Rxc6 b4 46. a4 Ra8 47.
a5 d5 1-0

[Event "BRA-ch U16"]
[Site "Sao Paulo"]
[Date "2012.04.30"]
[Round "5"]
[White "Marques, Joao Paulo Cassemir"]
[Black "Supi, Luis Paulo"]
[Result "1/2-1/2"]
[WhiteElo "2185"]
[BlackElo "2218"]
[PlyCount "34"]
[EventDate "2012.04.28"]
[EventType "swiss"]
[EventRounds "7"]
[EventCountry "BRA"]
[SourceTitle "CBM 148 Extra"]
[Source "ChessBase"]
[SourceDate "2012.06.22"]
[SourceVersion "1"]
[SourceVersionDate "2012.06.22"]
[SourceQuality "1"]

1. e4 c5 2. Nf3 Nc6 3. d4 cxd4 4. Nxd4 e6 5. Nc3 Qc7 6. Be3 a6 7. Qd2 Nf6 8.
O-O-O Bb4 9. f3 O-O 10. g4 b5 11. g5 Nh5 12. Be2 Ne5 13. a3 Bc5 14. f4 Nc4 15.
Bxc4 bxc4 16. Nde2 Bxe3 17. Qxe3 Rb8 1/2-1/2

[Event "BRA-ch U16"]
[Site "Sao Paulo"]
[Date "2012.04.30"]
[Round "6"]
[White "Supi, Luis Paulo"]
[Black "Goncalves, Leonardo Yamamoto"]
[Result "1/2-1/2"]
[WhiteElo "2218"]
[BlackElo "1857"]
[PlyCount "128"]
[EventDate "2012.04.28"]
[EventType "swiss"]
[EventRounds "7"]
[EventCountry "BRA"]
[SourceTitle "CBM 148 Extra"]
[Source "ChessBase"]
[SourceDate "2012.06.22"]
[SourceVersion "1"]
[SourceVersionDate "2012.06.22"]
[SourceQuality "1"]

1. e4 c5 2. Nf3 g6 3. d4 cxd4 4. Qxd4 Nf6 5. e5 Nc6 6. Qa4 Nd5 7. Qe4 Nb6 8.
Nc3 Bg7 9. Bf4 O-O 10. O-O-O d5 11. exd6 Bxc3 12. bxc3 Bf5 13. Qe3 exd6 14.
Rxd6 Nd7 15. Nd4 Re8 16. Qd2 Qa5 17. Bc4 Nce5 18. Nxf5 Nxc4 19. Nh6+ Kg7 20.
Qd4+ Nde5 21. Bxe5+ Qxe5 22. Ng4 Qxd4 23. Rxd4 Rac8 24. Rd3 h5 25. Ne3 Ne5 26.
Rd5 Rxc3 27. Re1 Rc7 28. Rd4 Nc6 29. Rd6 Rd8 30. Rxd8 Nxd8 31. Rd1 Ne6 32. Kb2
Nc5 33. Rd4 Ne6 34. Rd6 Nc5 35. Rd5 Na4+ 36. Kb3 Nb6 37. Rd8 Rc8 38. Rd6 Rc7
39. Kb4 Kf8 40. c4 Rd7 41. Kc5 Na4+ 42. Kd5 Nb6+ 43. Ke5 Ke7 44. Nd5+ Nxd5 45.
Rxd7+ Kxd7 46. Kxd5 f6 47. f4 b6 48. c5 bxc5 49. Kxc5 Ke6 50. Kc6 h4 51. Kb7
Kf5 52. Kxa7 Kxf4 53. a4 h3 54. gxh3 Kg5 55. Kb6 f5 56. Kc5 Kh4 57. Kd4 Kxh3
58. Ke3 g5 59. a5 Kg2 60. a6 f4+ 61. Kd4 f3 62. a7 f2 63. a8=Q+ Kg1 64. Qa1+
f1=Q 1/2-1/2

[Event "BRA-ch U16"]
[Site "Sao Paulo"]
[Date "2012.05.01"]
[Round "7"]
[White "Ribeiro Carrico, Victor Hugo"]
[Black "Supi, Luis Paulo"]
[Result "0-1"]
[WhiteElo "1785"]
[BlackElo "2218"]
[PlyCount "78"]
[EventDate "2012.04.28"]
[EventType "swiss"]
[EventRounds "7"]
[EventCountry "BRA"]
[SourceTitle "CBM 148 Extra"]
[Source "ChessBase"]
[SourceDate "2012.06.22"]
[SourceVersion "1"]
[SourceVersionDate "2012.06.22"]
[SourceQuality "1"]

1. e4 c5 2. Nf3 d6 3. d4 cxd4 4. Nxd4 Nf6 5. Nc3 a6 6. Be2 e6 7. Be3 Be7 8. O-O
O-O 9. f4 Qc7 10. Bf3 Nc6 11. g4 Nxd4 12. Bxd4 e5 13. g5 exd4 14. gxf6 dxc3 15.
fxe7 Qxe7 16. bxc3 Bh3 17. Re1 Qf6 18. e5 Qxf4 19. Bxb7 Rab8 20. Qf3 Qg5+ 21.
Kh1 Bg4 22. Qg2 dxe5 23. Bxa6 Qf6 24. Qxg4 Qxa6 25. Rxe5 Qc6+ 26. Qe4 Qxc3 27.
Re1 Rb4 28. Qd3 Qc6+ 29. Rd5 Rc4 30. Re2 Rc5 31. Rd2 Rd8 32. c4 h6 33. Kg1
Rdxd5 34. cxd5 Rc1+ 35. Kg2 Qf6 36. Qe3 Qg6+ 37. Qg3 Qe4+ 38. Kh3 Qf5+ 39. Qg4
Rc3+ 0-1

[Event "Sao Jose do Rio Preto 10th"]
[Site "Sao Jose do Rio Preto"]
[Date "2012.05.30"]
[Round "1"]
[White "Crosa Coll, Martin"]
[Black "Supi, Luis Paulo"]
[Result "1/2-1/2"]
[WhiteElo "2344"]
[BlackElo "2290"]
[PlyCount "72"]
[EventDate "2012.05.30"]
[EventType "tourn"]
[EventRounds "9"]
[EventCountry "BRA"]
[EventCategory "2"]
[SourceTitle "CBM 148 Extra"]
[Source "ChessBase"]
[SourceDate "2012.06.22"]
[SourceVersion "1"]
[SourceVersionDate "2012.06.22"]
[SourceQuality "1"]

1. c4 g6 2. Nc3 Bg7 3. g3 Nf6 4. Bg2 O-O 5. d3 d6 6. Nf3 e5 7. O-O Nc6 8. Rb1
a5 9. a3 h6 10. b4 axb4 11. axb4 Be6 12. b5 Ne7 13. Qc2 Qd7 14. c5 Bh3 15. Bxh3
Qxh3 16. b6 cxb6 17. cxd6 Nc6 18. Be3 Ng4 19. Rfc1 f5 20. Nd5 f4 21. gxf4 Rf5
22. Ne7+ Nxe7 23. dxe7 Kh7 24. Qc7 Nxh2 25. Nxh2 Rh5 26. Qxb7 Qxh2+ 27. Kf1 Ra7
28. Qg2 Rxe7 29. Qxh2 Rxh2 30. fxe5 Rxe5 31. Kg1 Reh5 32. Rxb6 Rh1+ 33. Kg2
R5h2+ 34. Kf3 Rh3+ 35. Kf4 Rh4+ 36. Kf3 R4h3+ 1/2-1/2

[Event "Sao Jose do Rio Preto 10th"]
[Site "Sao Jose do Rio Preto"]
[Date "2012.05.31"]
[Round "2"]
[White "Abdalla, Luiz Guilherme"]
[Black "Supi, Luis Paulo"]
[Result "1/2-1/2"]
[WhiteElo "2333"]
[BlackElo "2290"]
[PlyCount "43"]
[EventDate "2012.05.30"]
[EventType "tourn"]
[EventRounds "9"]
[EventCountry "BRA"]
[EventCategory "2"]
[SourceTitle "CBM 148 Extra"]
[Source "ChessBase"]
[SourceDate "2012.06.22"]
[SourceVersion "1"]
[SourceVersionDate "2012.06.22"]
[SourceQuality "1"]

1. d4 Nf6 2. c4 g6 3. Nc3 Bg7 4. e4 d6 5. Nf3 O-O 6. Be2 c5 7. O-O cxd4 8. Nxd4
Nc6 9. Be3 Bd7 10. f3 Nxd4 11. Bxd4 Bc6 12. Qd2 a5 13. Rab1 Nd7 14. Be3 Nc5 15.
Rfc1 Qb6 16. b3 Rfc8 17. Rc2 Qb4 18. Qc1 Qb6 19. a3 Qd8 20. b4 axb4 21. axb4
Na4 22. Nxa4 1/2-1/2

[Event "Sao Jose do Rio Preto 10th"]
[Site "Sao Jose do Rio Preto"]
[Date "2012.06.01"]
[Round "3"]
[White "Supi, Luis Paulo"]
[Black "Valiente, Cristobal"]
[Result "1/2-1/2"]
[WhiteElo "2290"]
[BlackElo "2268"]
[PlyCount "39"]
[EventDate "2012.05.30"]
[EventType "tourn"]
[EventRounds "9"]
[EventCountry "BRA"]
[EventCategory "2"]
[SourceTitle "CBM 148 Extra"]
[Source "ChessBase"]
[SourceDate "2012.06.22"]
[SourceVersion "1"]
[SourceVersionDate "2012.06.22"]
[SourceQuality "1"]

1. e4 c5 2. Nf3 e6 3. d4 cxd4 4. Nxd4 a6 5. c4 Nf6 6. Nc3 Qc7 7. a3 Be7 8. Be3
d6 9. Be2 O-O 10. O-O b6 11. Qd2 Nbd7 12. f3 Bb7 13. Rfc1 Rac8 14. Kh1 Qb8 15.
b4 Rfe8 16. Nb3 Bf8 17. Qd4 d5 18. exd5 exd5 19. Bf4 Qa8 20. Bf1 1/2-1/2